| 000 | 00753nam a2200193 i 4500 | ||
|---|---|---|---|
| 001 | 153397 | ||
| 003 | ES-MaACL | ||
| 005 | 20230906205216.0 | ||
| 008 | 970929s1769 sz |||| | lat d | ||
| 040 |
_aAN _bspa _cAN |
||
| 245 | 0 | 0 |
_aDe recondita febrium intermittentium tum remittentium natura et de earum curatione _b: variis experimentis & observationibus illustratâ. |
| 250 | _aEditio secunda auctior et emendatior. | ||
| 260 |
_aGenevae : _bapud Fratres de Tournes, _c1769. |
||
| 300 |
_aXXIV, 416, [1] p. ; _c8º. |
||
| 597 | _aSign.: ã8, e4, A-28, 2C9. | ||
| 597 | _aPort. con viñeta xil. | ||
| 650 | 0 | 4 |
_aFiebre- _vObras anteriores a 1800. _912773 |
| 852 |
_aES-MaACL _jR-956 _z-- Enc. hol. _x- Olim.: G-9179 _z.- Donat. Sr. Alcon |
||
| 999 |
_c153397 _d153397 |
||